Monetary theory, institutions and practice an introduction
| Main Authors: | , |
|---|---|
| Format: | Book |
| Published: |
London
Macmillan 1979
|
| Subjects: |
MARC
| LEADER | 00000cam a2200000 7i4500 | ||
|---|---|---|---|
| 001 | 0000000106 | ||
| 008 | 021118s1979 | ||
| 020 | |a 0333253329 | ||
| 090 | 0 | 0 | |a HG939.5 |b .E9 1979 |
| 100 | 0 | |a Evans, R. W. |e author | |
| 245 | 1 | 0 | |a Monetary theory, institutions and practice |b an introduction |c R. W. Evans, G. H. Makepeace |
| 260 | 2 | |a London |c Macmillan |c 1979 | |
| 300 | |a 246 p. |c 23 cm | ||
| 650 | 0 | |a Money |z Great Britain | |
| 700 | 0 | |a Makepeace, Gerald H. |e author | |
| 999 | |a 1000013917 |b Book |c OPEN SHELF (30 DAYS) |e Gong Badak Campus | ||